00321nam a2200109Ia 4500003000400000008004100004040001600045082001700061245004800078260008000126490000500206GCL140319s9999 xx 000 0 ara d aGCL / cGCL04a415.1bت ك10aكتاب تهذيب اصلاح المنطق a[S.N] : bالهيئة المصرية العامة للكتاب ، c1986 a